Southville International School and Colleges
Your cart is empty.
  • Cart
  • Lists
    Public lists Eva Luna New books Lux_list list_1
    Your lists Log in to create your own lists
  • Log in to your account
  • Your cookies
  • Search history
Southville International School and Colleges
  • Advanced search
  • Recent comments
  • Most popular
  • Libraries

Log in to your account

Log in with GOOGLE


If you do not have an external account, but do have a local account, you can still log in:

  1. Home
  2. MARC view: No tooth, no quarter! /
Normal view MARC view ISBD view

No tooth, no quarter! / (Record no. 104161)

[ view plain ]
MARC details
000 -LEADER
fixed length control field 00757nam a2200193 a 4500
005 - DATE AND TIME OF LATEST TRANSACTION
control field 20140412111314.0
008 - FIXED-LENGTH DATA ELEMENTS--GENERAL INFORMATION
fixed length control field 010323s19uu xx 00 eng d
020 ## - INTERNATIONAL STANDARD BOOK NUMBER
International Standard Book Number 0-394-84956-6
050 ## - LIBRARY OF CONGRESS CALL NUMBER
Classification number ER
Item number No66 1989
100 ## - MAIN ENTRY--PERSONAL NAME
Personal name Buller, Jon
245 ## - TITLE STATEMENT
Title No tooth, no quarter! /
Statement of responsibility, etc by jon Buller and Susan Schade.
260 ## - PUBLICATION, DISTRIBUTION, ETC. (IMPRINT)
Place of publication, distribution, etc New York :
Name of publisher, distributor, etc Random House,
Date of publication, distribution, etc 1989.
300 ## - PHYSICAL DESCRIPTION
Extent 48 p. ; ill.
440 ## - SERIES STATEMENT/ADDED ENTRY--TITLE
Title Step into reading. A step 3 book
520 ## - SUMMARY, ETC.
Summary, etc Fearing punishment from Queen Denteena for not finding any good teeth, an unlucky tooth fairy takes a boy down into the underground kingdom of the tooth fairies so he can explain that his tooth fell out but he mislaid it.
650 ## - SUBJECT ADDED ENTRY--TOPICAL TERM
Topical term or geographic name as entry element Tooth Fairy - Fiction
650 ## - SUBJECT ADDED ENTRY--TOPICAL TERM
Topical term or geographic name as entry element Teeth - Fiction
Holdings
Withdrawn status Lost status Damaged status Use restrictions Home library Current library Shelving location Date acquired Source of acquisition Cost, normal purchase price Total Checkouts Full call number Barcode Date last seen Price effective from Koha item type
        Elizalde Library Elizalde Library Easy Reading Section 03/23/2001   92.00   ER No66 1989 E6796 04/12/2014 04/12/2014 Books

No tooth, no quarter! /

APA

Buller J., . (1989). No tooth, no quarter!. New York: Random House.

Chicago

Buller Jon, . 1989. No tooth, no quarter!. New York: Random House.

Harvard

Buller J., . (1989). No tooth, no quarter!. New York: Random House.

MLA

Buller Jon, . No tooth, no quarter!. New York: Random House. 1989.

  • Place hold
  • Print
  • Cite
  • Add to your cart (remove)
  • Save record
    BIBTEX Dublin Core MARCXML MARC (non-Unicode/MARC-8) MARC (Unicode/UTF-8) MARC (Unicode/UTF-8, Standard) MODS (XML) RIS
  • More searches
    Search for this title in:
    Other Libraries (WorldCat) Other Databases (Google Scholar) Online Stores (Bookfinder.com) Open Library (openlibrary.org)

Exporting to Dublin Core...

SOUTHVILLE LIBRARY

Southville International School and Colleges Library

1281 Tropical Ave. Cor. Luxembourg St., BF Homes International, Las Pinas City

Tel. No. 8256374 / 252358 Loc. 117/146

Powered by Koha